Inseln Afrikas nach Umriss - Statistiken

Allgemein
  • Dieses Quiz wurde 49 mal gespielt
  • Das Durchschnittsergebnis liegt bei 6 aus 6
Antwortstatistiken
Bildquiz Antwort % Korrekt
Kap Verde
98%
Mauritius
96%
Seychellen
96%
Komoren
94%
Madagaskar
94%
São Tomé und Príncipe
94%
Keine übereinstimmenden Quizze gefunden
Verteilung der Resultate
Anzahl Personen mit jedem Resultat
Perzentil nach korrekt beantworteten Fragen
Ihre Resultats-Entwicklung
Sie haben dieses Quiz noch nicht gespielt